| 000 | 01081cab a22001935a 4500 | ||
|---|---|---|---|
| 001 | L147251 | ||
| 008 | 090421e20090409xxkd f s 000 0 eng d | ||
| 035 | _a(Sirsi) u147251 | ||
| 041 | 0 | _aeng | |
| 110 | 2 |
_aExperian Business Strategies _94789 |
|
| 245 | 0 | 0 | _aBuilding intelligence |
| 260 | _c2008 | ||
| 490 | 0 |
_aBuilding _v274 (8574) 9 April 2009, 54-55 (2) |
|
| 520 | _aReports construction statistics for the first quarter 2008 and provides some annual figures for 2008. Public non-residential and infrastructure were the strongest sectors in 2008, and the South of England was the most resilient area for the year. The public non-residential sector increased by 16%, the infrastructure sector by 15%. Suggests that the private housing sector declined by 19%. Construction output reduced by 0.4%. Forecasts that construction output will be 2% lower over 2009-2011. New work order figures saw the strongest increase in London and Kent, Surrey and Sussex. | ||
| 590 | _aKA | ||
| 651 | 4 |
_aGreat Britain _y1707- |
|
| 690 | _aBUILT ENVIRONMENT-CONSTRUCTION MARKET | ||
| 942 | _n0 | ||
| 999 |
_c81452 _d81452 |
||